000 00295nam a22001217a 4500
003 SGT
082 _a614
_bP16P
100 _aPARIKH, C.K
245 _aPARIKH'S TB OF MEDICAL JURISPRUDENCE FORENSIC MEDICINE AND TOXICOLOGY
260 _aINDIA
_bCBS
_c2016
300 _a722
942 _2ddc
_cBK
_05
999 _c15094
_d15094